antitrombotici - Statistics

Statistiche generali
  • Questo quiz è stato fatto 5 volte
  • Il punteggio medio è 11 su 27
Statistiche sulle risposte
Risposta % Corretto
apixaban
100%
aspirina
100%
dabigatran
100%
edoxaban
100%
rivaroxaban
100%
warfarin
100%
antiaggreganti
50%
anticoagulanti
50%
clopidogrel
50%
cumarine
50%
fondaparinux
50%
NAO
50%
prasugrel
50%
ticagrelor
50%
ticlopidina
50%
abciximab
0%
acenocumarolo
0%
argatroban
0%
bivalirudina
0%
cangrelor
0%
ebpm
0%
eparina non frazionata
0%
eptifibatide
0%
irudina
0%
tienopiridine
0%
tirofiban
0%
vorapaxar
0%
Nessun quiz corrispondente trovato
Distribuzione punteggi
Percentuale di utenti per punteggio
Percentile per numero di risposta
I tuoi punteggi nel tempo
Non hai fatto questo quiz